000 00891cam a2200181 4500
001 WB3825-03
008 020710n2002 000 0 eng u
035 _a(Sirsi) u118759
245 _aNoisy neighbours drowned out
260 _c2002
490 _aODPM News Release
_v(027) 5 July 2002, (2)
520 _aGovernment has announced plans to improve soundproofing in new or newly converted properties. Proposals come under Building Regulations Part E, which were subject of public consultation last year. Draft consultation document www.safety.odpm.gov.uk/bregs/consult/amenparte/index.htm RICS Press Release www.rics.org/ricscms/bin/show?class=PressRelease&template=/includes/showpr.html&id=766 ODPM Press Release www.odpm.gov.uk/news/0207/0027.htm
590 _aWB
650 _aSOUNDPROOFING
650 _aBUILDING REGULATIONS PART E
690 _aBUILT ENVIRONMENT
942 _n0
999 _c70699
_d70699